000 00551nam a2200241Ia 4500
003 OSt
005 20221007115728.0
006 a|||||r|||| 00| 0
007 ta
008 221006b |||||||| |||| 00| 0 eng d
024 _a37,984
037 _cTextual
040 _aLCO
_cLCO
_beng
041 _2eng
_aeng
082 _aZ1,6, Q8
100 _aSIEMS Mathias
_9709803
245 0 _aComparative Law
250 _a2nd
260 _c2018
300 _a506
942 _hZ1,6, Q8
_cTEXL
999 _c1207547
_d1207547